| 000 | 00838cab a2200265 4500 | ||
|---|---|---|---|
| 001 | WB3234-29 | ||
| 008 | 090401t1996 xxu||||| |||| 00| 0 eng d | ||
| 035 | _a(Sirsi) u55668 | ||
| 041 | _aeng | ||
| 245 | _aMixed picture for Scottish housing | ||
| 260 | _c1996 | ||
| 350 | _a0 | ||
| 490 |
_aEstate Agent _vAugust 1996, 15(1) |
||
| 520 | _aHouse prices in Scotland rose 0.9% in May, according to the Scottish Housing Index. However, house prices are still lower than they were one year ago. | ||
| 650 | _aHOUSE PRICES | ||
| 650 | _aHOUSING MARKET | ||
| 650 | _aREGISTERS OF SCOTLAND | ||
| 650 | _aROYAL BANK OF SCOTLAND | ||
| 650 | _aSCOTLAND | ||
| 650 | _aSCOTTISH HOMES | ||
| 650 | _aSCOTTISH HOUSING INDEX | ||
| 690 | _aPROPERTY-RESIDENTIAL PROPERTY-RESIDENTIAL PROPERTY MARKET | ||
| 942 | _n0 | ||
| 948 | _c04/03/1997 | ||
| 999 |
_c34030 _d34030 |
||